[Event "XXXVII Olimpiadi femminile"]
[Site "Torino ITA"]
[Date "2006.06.02"]
[Round "11.2"]
[White "Moodliar, Suvania"]
[Black "Delai, Paula Fernanda"]
[Result "0-1"]
[WhiteElo "1859"]
[BlackElo "2042"]
[Annotator "BRA-RSA"]
[PlyCount "134"]
[EventDate "2006.05.21"]

1. d4 Nf6 2. c4 g6 3. Nc3 Bg7 4. g3 O-O 5. Bg2 d6 6. e4 c6 7. Nf3 Qa5 8. O-O
Qh5 9. Qd3 Bh3 10. Rb1 Nbd7 11. b4 Ng4 12. Re1 Rae8 13. Qf1 Bxg2 14. Kxg2 f5
15. h3 Nh6 16. Qd3 e5 17. d5 Nf7 18. Ba3 Nf6 19. c5 cxd5 20. Nxd5 Nxe4 21. Nc7
Re7 22. cxd6 Nfxd6 23. Qb3+ Kh8 24. Ne6 Rxe6 25. Qxe6 Qxf3+ 26. Kxf3 Ng5+ 27.
Kg2 Nxe6 28. Bb2 Nc4 29. Ba1 Rd8 30. Rbd1 Nd4 31. Rc1 b5 32. a4 a6 33. axb5
axb5 34. Rcd1 Kg8 35. Bc3 Kf7 36. Rf1 Ke6 37. Ra1 Rd7 38. Ra6+ Kd5 39. Rfa1 Nd6
40. Ra7 Nb7 41. Ra8 Rc7 42. Bd2 Bf6 43. R8a7 Be7 44. Rc1 Nc6 45. Be1 Bd6 46.
Rd1+ Nd4 47. Ra8 Rc4 48. Ra7 Kc6 49. Ra6+ Kc7 50. Ra8 Bxb4 51. Bxb4 Rxb4 52.
Rh8 Nd6 53. Rxh7+ Kc6 54. Rg7 Rb2 55. Rxg6 Kd5 56. h4 Ne4 57. Rf1 Rc2 58. h5
Rc7 59. h6 Rh7 60. Rh1 b4 61. Rg7 Rh8 62. Rb7 b3 63. f3 Nf6 64. Kf2 e4 65.
fxe4+ fxe4 66. Ke1 Ng4 67. h7 e3 0-1

[Event "XXXVII Olimpiadi femminile"]
[Site "Torino ITA"]
[Date "2006.06.02"]
[Round "11.3"]
[White "Ikpa Glewis, Pauline Tresa"]
[Black "Senanayaka, Pramodya Ruchirani"]
[Result "0-1"]
[WhiteElo "1969"]
[BlackElo "1846"]
[Annotator "NGR-SRI"]
[PlyCount "54"]
[EventDate "2006.05.21"]

1. e4 c5 2. Nf3 d6 3. d4 cxd4 4. Nxd4 Nf6 5. Nc3 g6 6. f3 Bg7 7. Be3 O-O 8. Bc4
Nc6 9. Qd2 Bd7 10. O-O-O Rb8 11. h4 b5 12. Bb3 Na5 13. h5 Nc4 14. Bxc4 bxc4 15.
Nd5 Nxd5 16. exd5 Qb6 17. c3 Qa5 18. a3 Qxd5 19. hxg6 fxg6 20. Bh6 Rf7 21. Bxg7
Rxg7 22. Qh6 Qb7 23. Qd2 e5 24. Ne2 Qb3 25. Ng3 Qa2 26. b4 Qa1+ 27. Kc2 Ba4#
0-1

[Event "XXXVII Olimpiadi femminile"]
[Site "Torino ITA"]
[Date "2006.06.02"]
[Round "11.1"]
[White "Da Bosco, Carla"]
[Black "Toubal, Wissan"]
[Result "0-1"]
[WhiteElo "2050"]
[BlackElo "1963"]
[Annotator "CRC-ALG"]
[PlyCount "76"]
[EventDate "2006.05.21"]

1. e4 c5 2. Nc3 d6 3. f4 Nc6 4. Nf3 g6 5. Bc4 e6 6. O-O Bg7 7. d3 Nge7 8. Bb3
O-O 9. Qe1 a6 10. a4 Nd4 11. Nxd4 Bxd4+ 12. Be3 Bg7 13. Nd1 Bd7 14. c3 Qc7 15.
Rf3 f5 16. Rh3 Rf7 17. Kh1 Rb8 18. Bd2 d5 19. e5 c4 20. dxc4 dxc4 21. Bc2 b5
22. axb5 axb5 23. Be3 Bc6 24. Bd4 Qb7 25. Ne3 Ra8 26. Ra3 Nd5 27. Qf2 Rxa3 28.
bxa3 Bf8 29. a4 Nxe3 30. Rxe3 bxa4 31. Re1 Qa8 32. Bb1 Rb7 33. Ba2 Bd5 34. Qf1
Rb2 35. Re2 a3 36. Rf2 Qb7 37. Kg1 Qb5 38. h3 Bc5 0-1

[Event "XXXVII Olimpiadi femminile"]
[Site "Torino ITA"]
[Date "2006.06.03"]
[Round "12.1"]
[White "Zhukova, Natalia"]
[Black "Koneru, Humpy"]
[Result "1-0"]
[WhiteElo "2425"]
[BlackElo "2548"]
[Annotator "UKR-IND"]
[PlyCount "123"]
[EventDate "2006.05.21"]

1. d4 Nf6 2. c4 e6 3. Nf3 b6 4. g3 Ba6 5. b3 Bb4+ 6. Bd2 Be7 7. Nc3 d5 8. cxd5
exd5 9. Bg2 O-O 10. O-O Re8 11. Qc2 Bb7 12. Bf4 Na6 13. Rfd1 Bb4 14. Ne5 Qe7
15. e3 h6 16. g4 Bxc3 17. Qxc3 c5 18. a3 Nc7 19. h3 Rac8 20. Qb2 Nd7 21. Nc4
Ne6 22. Bg3 dxc4 23. Bxb7 c3 24. Qxc3 cxd4 25. Qb4 Rc2 26. Qxe7 Rxe7 27. exd4
Nf6 28. Bg2 Rd7 29. d5 Nc5 30. b4 Nce4 31. Be5 Nc3 32. Rd3 Ne2+ 33. Kf1 Nc1 34.
Rc3 Rxc3 35. Bxc3 Nd3 36. Rd1 Nf4 37. Bxf6 gxf6 38. d6 Kg7 39. Bc6 Rd8 40. d7
f5 41. Re1 Kf6 42. Re8 Ne6 43. f4 Kg6 44. Be4 Rxd7 45. gxf5+ Kf6 46. fxe6 fxe6
47. Kf2 Rd2+ 48. Kg3 Ra2 49. Rh8 Rxa3+ 50. Kg4 Ra4 51. Rxh6+ Ke7 52. Kf3 Rxb4
53. Rh7+ Kf6 54. Rh6+ Ke7 55. Rh7+ Kf6 56. h4 Rb3+ 57. Kf2 Rb4 58. Ke3 Rb3+ 59.
Bd3 a5 60. h5 Rb2 61. Rb7 Rh2 62. Bg6 1-0

[Event "XXXVII Olimpiadi femminile"]
[Site "Torino ITA"]
[Date "2006.06.03"]
[Round "12.1"]
[White "Kosintseva, Tatiana"]
[Black "Skripchenko, Almira"]
[Result "1/2-1/2"]
[WhiteElo "2489"]
[BlackElo "2423"]
[Annotator "RUS-FRA"]
[PlyCount "52"]
[EventDate "2006.05.21"]

1. e4 e5 2. Nf3 Nc6 3. Bb5 a6 4. Ba4 Nf6 5. O-O b5 6. Bb3 Bc5 7. a4 Rb8 8. c3
O-O 9. d4 Bb6 10. dxe5 Ng4 11. a5 Ba7 12. Bf4 Qe7 13. e6 dxe6 14. e5 f6 15.
exf6 Nxf6 16. Nbd2 Kh8 17. Qe2 e5 18. Be3 Bxe3 19. Qxe3 Bf5 20. Rfe1 Rbe8 21.
h3 e4 22. Nd4 Nxd4 23. cxd4 Qd6 24. Nf1 Be6 25. Bc2 Bf5 26. Bb3 Be6 1/2-1/2

[Event "XXXVII Olimpiadi femminile"]
[Site "Torino ITA"]
[Date "2006.06.03"]
[Round "12.2"]
[White "Leconte, Maria"]
[Black "Kosintseva, Nadezhda"]
[Result "1/2-1/2"]
[WhiteElo "2345"]
[BlackElo "2469"]
[Annotator "RUS-FRA"]
[PlyCount "57"]
[EventDate "2006.05.21"]

1. e4 c5 2. Nf3 d6 3. d4 cxd4 4. Nxd4 Nf6 5. Nc3 Nc6 6. g3 g6 7. Nde2 Bg7 8.
Bg2 O-O 9. O-O Rb8 10. a4 a6 11. Nd5 b5 12. axb5 axb5 13. Be3 Ng4 14. Nd4 Nxe3
15. Nxc6 Nxd1 16. Ndxe7+ Kh8 17. Nxd8 Nxb2 18. Nec6 Rb6 19. Ra7 Be6 20. f4 Bc4
21. Rb1 Na4 22. Rd1 Nc3 23. Rxd6 Ne2+ 24. Kh1 Nd4 25. e5 Nxc2 26. e6 Bxe6 27.
Nxe6 fxe6 28. Rdd7 Bf6 29. Ne5 1/2-1/2

[Event "XXXVII Olimpiadi femminile"]
[Site "Torino ITA"]
[Date "2006.06.03"]
[Round "12.3"]
[White "Kovalevskaya, Ekaterina"]
[Black "Milliet, Sophie"]
[Result "1/2-1/2"]
[WhiteElo "2460"]
[BlackElo "2330"]
[Annotator "RUS-FRA"]
[PlyCount "65"]
[EventDate "2006.05.21"]

1. Nf3 d5 2. g3 Bg4 3. Bg2 Nd7 4. c4 c6 5. cxd5 cxd5 6. Qa4 Bxf3 7. Bxf3 Ngf6
8. Nc3 e6 9. e4 dxe4 10. Nxe4 Nxe4 11. Bxe4 Be7 12. d4 O-O 13. O-O Nb6 14. Qc2
Qxd4 15. Bxh7+ Kh8 16. Be4 Qc4 17. Qxc4 Nxc4 18. b3 Nd6 19. Bf3 Bf6 20. Rb1
Rfd8 21. Bb2 Bxb2 22. Rxb2 Kg8 23. Rd2 Kf8 24. Rc1 Rab8 25. h4 Ke7 26. h5 Rbc8
27. Rxc8 Rxc8 28. Kg2 b6 29. g4 f6 30. Re2 Nb5 31. Be4 e5 32. Rd2 Rd8 33. Rc2
1/2-1/2

[Event "XXXVII Olimpiadi femminile"]
[Site "Torino ITA"]
[Date "2006.06.03"]
[Round "12.3"]
[White "Goletiani, Rusudan"]
[Black "Hou, Yifan"]
[Result "0-1"]
[WhiteElo "2371"]
[BlackElo "2298"]
[Annotator "USA-CHN"]
[PlyCount "118"]
[EventDate "2006.05.21"]

1. Nf3 c5 2. c4 Nc6 3. d4 cxd4 4. Nxd4 Nf6 5. Nc3 e6 6. g3 Bc5 7. Nb3 Be7 8.
Bg2 O-O 9. O-O b6 10. Nd4 Bb7 11. b3 a6 12. Bb2 Qb8 13. e4 Rd8 14. Rc1 d6 15.
a4 Qa7 16. Re1 Rac8 17. Nc2 Ne5 18. Ne3 Qa8 19. Qd4 Ned7 20. Nf1 Bf8 21. Ra1
Ng4 22. Ne3 Nge5 23. f4 Nc5 24. fxe5 dxe5 25. Qxe5 Nd3 26. Qg5 Nxb2 27. Ng4 Rc7
28. Rf1 Kh8 29. Qh5 f6 30. Kh1 Bb4 31. Nd5 exd5 32. exd5 Re7 33. Qf5 Qc8 34.
Qf3 Nd3 35. Ne3 Ne5 36. Qh5 Ng6 37. Nf5 Re5 38. Qf3 Qd7 39. h4 Ree8 40. h5 Ne5
41. Qf4 Qf7 42. Qh4 Bc8 43. Rad1 Bxf5 44. Rxf5 Nd7 45. Rff1 Re3 46. Rb1 Rde8
47. Bh3 R8e4 48. Rf4 Rxf4 49. gxf4 Qe7 50. Be6 Nc5 51. f5 Nd3 52. Rf1 Qd6 53.
h6 Qg3 54. hxg7+ Kxg7 55. Qxg3+ Rxg3 56. Bc8 a5 57. Be6 Bc5 58. Kh2 Bd6 59. Kh1
h5 0-1

[Event "XXXVII Olimpiadi femminile"]
[Site "Torino ITA"]
[Date "2006.06.03"]
[Round "12.1"]
[White "Mkrtchian, Lilit"]
[Black "Khurtsidze, Nino"]
[Result "1-0"]
[WhiteElo "2453"]
[BlackElo "2426"]
[Annotator "ARM-GEO"]
[PlyCount "175"]
[EventDate "2006.05.21"]

1. e4 c5 2. Nf3 d6 3. d4 cxd4 4. Nxd4 Nf6 5. Nc3 Nc6 6. Bg5 Qa5 7. Bxf6 gxf6 8.
Qd2 Nxd4 9. Qxd4 Bh6 10. Bb5+ Kf8 11. O-O a6 12. Bc4 Qe5 13. Qd3 Rg8 14. Nd5 f5
15. Rfe1 fxe4 16. Qxe4 Qxe4 17. Rxe4 b5 18. Bb3 Bb7 19. Rh4 Rg6 20. g3 e6 21.
Nb6 Rd8 22. a4 Kg8 23. axb5 axb5 24. c3 Bc6 25. Ra7 Rb8 26. Nd7 Rd8 27. Nb6 Bc1
28. Rc7 Bf3 29. Bc2 Rh6 30. Rxh6 Bxh6 31. Bxh7+ Kg7 32. Bd3 d5 33. Ra7 Bc1 34.
Nd7 Bxb2 35. Ne5 Bh5 36. g4 Bxc3 37. Nc6 Rd6 38. gxh5 Rxc6 39. Bxb5 Rc8 40. h6+
Kf6 41. h7 Rd8 42. Be2 Rh8 43. Bd3 e5 44. Ra6+ Kg5 45. Rd6 d4 46. h4+ Kxh4 47.
Rf6 Kg5 48. Rxf7 Kh6 49. Re7 Ba5 50. Re6+ Kg7 51. Rg6+ Kf8 52. Ra6 Bd8 53. Re6
Bc7 54. Kg2 Bd8 55. Rxe5 Bf6 56. Rd5 Ke7 57. Rb5 Rd8 58. Rb7+ Rd7 59. Rb8 Rd8
60. Rb7+ Rd7 61. Rb6 Rd6 62. Rb5 Rd8 63. Kf3 Bh8 64. Rg5 Rf8+ 65. Ke2 Bf6 66.
Rb5 Bh8 67. Rb7+ Kd6 68. Ra7 Be5 69. Ra6+ Ke7 70. Bc4 Bh8 71. Re6+ Kf7 72. Ra6+
Ke7 73. Rg6 Bf6 74. f4 Ra8 75. Bg8 Bh8 76. Bd5 Rd8 77. Bc4 Bf6 78. Rg8 Rf8 79.
Kd3 Rd8 80. Ke4 Rf8 81. Bd3 Bh8 82. Kf3 Bf6 83. Kg4 Bh8 84. Kg5 Rd8 85. Kh6 Bf6
86. Kg6 Rd6 87. Rg7+ Bxg7+ 88. Kxg7 1-0

[Event "XXXVII Olimpiadi femminile"]
[Site "Torino ITA"]
[Date "2006.06.03"]
[Round "12.2"]
[White "Dzagnidze, Nana"]
[Black "Danielian, Elina"]
[Result "1-0"]
[WhiteElo "2454"]
[BlackElo "2422"]
[Annotator "ARM-GEO"]
[PlyCount "91"]
[EventDate "2006.05.21"]

1. Nf3 d5 2. d4 Nf6 3. Bf4 c5 4. e3 Qb6 5. Nc3 c4 6. e4 Nxe4 7. Nxd5 Qa5+ 8.
Nc3 e5 9. Nxe5 Bb4 10. Bd2 Nxd2 11. Qxd2 O-O 12. Bxc4 Nd7 13. f4 Nxe5 14. fxe5
Be6 15. Be2 Rfd8 16. Rf1 Rd7 17. a3 Rad8 18. Rd1 Be7 19. Nb5 Qb6 20. c4 a6 21.
Nd6 Bxd6 22. exd6 Qxd6 23. d5 Bxd5 24. cxd5 Qxh2 25. Qe3 Qxg2 26. Rg1 Qh2 27.
Kf1 g6 28. Qg5 Qh3+ 29. Kf2 Qb3 30. Rg3 Qb6+ 31. Kf1 Qxb2 32. Rgd3 Rd6 33. Qe7
R6d7 34. Qb4 Qf6+ 35. Rf3 Qe5 36. Bc4 Qe4 37. Rdd3 a5 38. Qb3 Rc7 39. Rc3 Rdc8
40. d6 Rxc4 41. d7 Rxc3 42. Qxf7+ Kh8 43. Qf6+ Kg8 44. d8=Q+ Rxd8 45. Qxd8+ Kg7
46. Qf8# 1-0

[Event "XXXVII Olimpiadi femminile"]
[Site "Torino ITA"]
[Date "2006.06.03"]
[Round "12.1"]
[White "Peng, Zhao Qin"]
[Black "Hoang, Thanh Trang"]
[Result "1-0"]
[WhiteElo "2395"]
[BlackElo "2487"]
[Annotator "NED-HUN"]
[PlyCount "95"]
[EventDate "2006.05.21"]

1. d4 Nf6 2. c4 e6 3. Nf3 b6 4. g3 Bb7 5. Bg2 Be7 6. Nc3 O-O 7. O-O Na6 8. Bf4
d6 9. Re1 c5 10. d5 exd5 11. cxd5 Nc7 12. e4 b5 13. Rc1 Re8 14. a3 a5 15. a4
bxa4 16. Nd2 Ba6 17. Qxa4 Rb8 18. e5 dxe5 19. Bxe5 Bd6 20. Bxf6 Rxe1+ 21. Rxe1
Qxf6 22. Nde4 Qe7 23. Qc6 Rd8 24. Re3 Be5 25. d6 Rxd6 26. Nxd6 Qxd6 27. Qxd6
Bxd6 28. Ne4 Be5 29. Nxc5 f6 30. b3 Bb5 31. Bf1 Bc6 32. Rd3 g5 33. Nd7 Bb2 34.
Rd6 Bxd7 35. Rxd7 Be5 36. Bc4+ Kf8 37. Rxh7 Ke8 38. Kg2 Kd8 39. Kf3 Ne8 40. Ke4
Nd6+ 41. Kd5 Nf5 42. Bb5 g4 43. Bc4 Nd4 44. h4 Nf3 45. Be2 Nd4 46. Bd1 Ke8 47.
Ra7 Nb5 48. Rxa5 1-0

[Event "XXXVII Olimpiadi femminile"]
[Site "Torino ITA"]
[Date "2006.06.03"]
[Round "12.2"]
[White "Madl, Ildiko"]
[Black "Schuurman, Petra"]
[Result "1/2-1/2"]
[WhiteElo "2387"]
[BlackElo "2258"]
[Annotator "NED-HUN"]
[PlyCount "87"]
[EventDate "2006.05.21"]

1. e4 c6 2. d4 d5 3. Nc3 dxe4 4. Nxe4 Bf5 5. Ng3 Bg6 6. h4 h6 7. Nf3 Nd7 8. h5
Bh7 9. Bd3 Bxd3 10. Qxd3 e6 11. Bf4 Ngf6 12. O-O-O Nd5 13. Bd2 Nb4 14. Qb3 a5
15. Kb1 a4 16. Qe3 Nd5 17. Qd3 b5 18. Ne5 Nxe5 19. dxe5 Qb6 20. Ne4 a3 21. b3
Be7 22. c4 bxc4 23. Qxc4 O-O 24. Rc1 Rfd8 25. Nc5 Qb5 26. Qxb5 cxb5 27. Ne4 f5
28. exf6 Nxf6 29. Nxf6+ Bxf6 30. Be3 Rd5 31. Rcd1 Rad8 32. Rxd5 Rxd5 33. Kc2
Kf7 34. g4 Bd4 35. Bd2 Rc5+ 36. Kd3 Rd5 37. Ke2 Bb2 38. Be3 Kf6 39. f4 e5 40.
f5 e4 41. Rf1 Rd3 42. Rf4 Rxb3 43. axb3 a2 44. Rf1 1/2-1/2

[Event "XXXVII Olimpiadi femminile"]
[Site "Torino ITA"]
[Date "2006.06.03"]
[Round "12.2"]
[White "Voiska, Margarita"]
[Black "Popova, Natalija"]
[Result "0-1"]
[WhiteElo "2314"]
[BlackElo "2223"]
[Annotator "BLR-BUL"]
[PlyCount "74"]
[EventDate "2006.05.21"]

1. d4 Nf6 2. c4 g6 3. Nc3 d5 4. Bg5 Bg7 5. Bxf6 Bxf6 6. cxd5 c6 7. dxc6 Bxd4 8.
cxb7 Bxb7 9. e3 Bxc3+ 10. bxc3 Qa5 11. Qb3 O-O 12. Nf3 Na6 13. Nd2 Rab8 14. Nc4
Qc7 15. Qa4 Rfd8 16. Qa5 Qc8 17. Be2 Bxg2 18. Rg1 Be4 19. Rg5 Bd3 20. Rd5 Rxd5
21. Qxd5 Bxe2 22. Kxe2 Qg4+ 23. Kf1 Nc7 24. Qd4 Qh3+ 25. Kg1 Ne6 26. Qe5 Rc8
27. Nd2 Rc5 28. Qb8+ Kg7 29. Kh1 Rd5 30. Qb2 Rh5 31. c4+ f6 32. Qb8 Qf5 33. Qg3
Qd3 34. Nb3 Qxc4 35. Rc1 Qe2 36. Qg2 Rg5 37. Qb7 Qxf2 0-1

[Event "XXXVII Olimpiadi femminile"]
[Site "Torino ITA"]
[Date "2006.06.03"]
[Round "12.2"]
[White "Caoili, Arianne"]
[Black "Zimina, Olga"]
[Result "0-1"]
[WhiteElo "2169"]
[BlackElo "2404"]
[Annotator "ITA1-AUS"]
[PlyCount "92"]
[EventDate "2006.05.21"]

1. e4 e5 2. Nf3 Nc6 3. Bb5 a6 4. Ba4 Nf6 5. O-O b5 6. Bb3 Bc5 7. a4 Rb8 8. axb5
axb5 9. c3 d6 10. d4 Bb6 11. Bg5 h6 12. Bh4 O-O 13. Bd5 Bb7 14. Bxc6 Bxc6 15.
dxe5 dxe5 16. Nxe5 Bxe4 17. Nd2 Bb7 18. Ng4 Qd5 19. Nxf6+ gxf6 20. Qf3 Kh7 21.
Bxf6 Rg8 22. Qxd5 Bxd5 23. g3 Rg6 24. Be5 Re8 25. Bf4 Re2 26. b3 Bc6 27. c4 b4
28. c5 Bxc5 29. Rac1 Bd4 30. Rc4 Bc3 31. Nb1 Be1 32. Rc1 Rge6 33. Be3 R6xe3 34.
Rxc6 Rf3 35. Rxc7 Bxf2+ 36. Kh1 Kg7 37. Rd7 Rxb3 38. Nd2 Rb2 39. Nc4 Rbc2 40.
Nd6 b3 41. Nxf7 b2 42. Ne5+ Kf6 43. Nd3 Ke6 44. Rb7 Be3 45. Nf4+ Bxf4 46. Rb6+
Bd6 0-1

[Event "XXXVII Olimpiadi femminile"]
[Site "Torino ITA"]
[Date "2006.06.03"]
[Round "12.3"]
[White "Ambrosi, Eleonora"]
[Black "Phan-Koshnitsky, Ngan"]
[Result "0-1"]
[WhiteElo "2136"]
[BlackElo "2181"]
[Annotator "ITA1-AUS"]
[PlyCount "104"]
[EventDate "2006.05.21"]

1. e4 e5 2. Nc3 Bc5 3. Bc4 Nf6 4. d3 c6 5. Nf3 d6 6. O-O Bg4 7. Be3 Nbd7 8. a3
O-O 9. b4 Bd4 10. Bxd4 exd4 11. Ne2 c5 12. Nd2 Ne5 13. Bb3 Be6 14. Bxe6 fxe6
15. h3 Qc7 16. f4 Ng6 17. Nf3 Nh5 18. g3 h6 19. c3 dxc3 20. Qb3 Qf7 21. bxc5
dxc5 22. Qxc3 Rac8 23. Ne5 Nxe5 24. Qxe5 Nf6 25. Rac1 Rfd8 26. Rfd1 Nd7 27. Qb2
Qh5 28. Kg2 Nf6 29. g4 Qf7 30. Ng3 b6 31. Kh2 Qc7 32. Qf2 Rd4 33. Qf3 Rf8 34.
Rc4 Nd7 35. Rxd4 cxd4 36. Ne2 Ne5 37. Qg2 Ng6 38. Rc1 Qb8 39. e5 Nxf4 40. Qe4
Nxe2 41. Qxe2 Qb7 42. Rc4 Rf4 43. Kg3 g5 44. Kh2 Qf7 45. Kg2 Qb7+ 46. Kh2 Qd5
47. Rc8+ Kg7 48. Rc7+ Kg6 49. Rxa7 Rf3 50. Re7 Re3 51. Qf2 Qxe5+ 52. Kg1 Re1+
0-1

[Event "XXXVII Olimpiadi femminile"]
[Site "Torino ITA"]
[Date "2006.06.03"]
[Round "12.1"]
[White "Peptan, Corina-Isabela"]
[Black "Radziewicz, Iweta"]
[Result "0-1"]
[WhiteElo "2408"]
[BlackElo "2439"]
[Annotator "ROU-POL"]
[PlyCount "105"]
[EventDate "2006.05.21"]

1. e4 e6 2. d4 d5 3. Nd2 Nf6 4. e5 Nfd7 5. c3 c5 6. Bd3 Nc6 7. Ne2 cxd4 8. cxd4
f6 9. exf6 Nxf6 10. Nf3 Qc7 11. O-O Bd6 12. Bg5 O-O 13. Bh4 Nh5 14. Qc2 h6 15.
Bh7+ Kh8 16. Bg6 Rxf3 17. Bxh5 Bxh2+ 18. Kh1 Rf8 19. f4 Bxf4 20. Nxf4 Rxf4 21.
Bg3 e5 22. Bxf4 exf4 23. Rae1 Bd7 24. Qc5 Bf5 25. Qxd5 g6 26. Bf3 Qg7 27. Qb5
a6 28. Qa4 Bd3 29. Rf2 Bb5 30. Qd1 Nxd4 31. Bxb7 Rf8 32. Be4 Qf6 33. Qg4 g5 34.
Rc1 Rf7 35. Qc8+ Kg7 36. Bd5 Bd7 37. Qb8 Be6 38. Bxe6 Qxe6 39. Qb4 Qe3 40. Qd2
Re7 41. Rd1 Re4 42. Rff1 Ne2 43. Qxe3 fxe3 44. Rf3 g4 45. Rd7+ Kg6 46. Rd6+ Kg5
47. Rd5+ Kh4 48. Rf6 h5 49. Rd1 Nf4 50. Re1 Kg3 51. Kg1 Nxg2 52. Rc1 Nf4 53.
Rxf4 0-1

[Event "XXXVII Olimpiadi femminile"]
[Site "Torino ITA"]
[Date "2006.06.03"]
[Round "12.2"]
[White "Zawadzka, Jolanta"]
[Black "Foisor, Cristina-Adela"]
[Result "0-1"]
[WhiteElo "2389"]
[BlackElo "2392"]
[Annotator "ROU-POL"]
[PlyCount "116"]
[EventDate "2006.05.21"]

1. e4 c5 2. Nf3 e6 3. d4 cxd4 4. Nxd4 Nf6 5. Nc3 Nc6 6. Ndb5 Bc5 7. Nd6+ Ke7 8.
Bf4 e5 9. Nf5+ Kf8 10. Bg5 Bb4 11. Qf3 h6 12. Bxf6 Qxf6 13. O-O-O Ne7 14. Bc4
d6 15. Nxd6 Be6 16. Qxf6 gxf6 17. Bxe6 fxe6 18. Ne2 Rb8 19. a3 Bc5 20. Rhf1 Nc6
21. b4 Bb6 22. Nc4 Rg8 23. g3 Ke7 24. Kb2 Rbd8 25. f3 h5 26. c3 Bc7 27. a4 a6
28. Nc1 Nb8 29. Nb3 b6 30. Kc2 Rxd1 31. Rxd1 Nd7 32. Ne3 Rc8 33. Nd2 b5 34. a5
Bb8 35. Kb3 Ba7 36. Nc2 Rd8 37. Na3 Nb8 38. Kc2 Nc6 39. Nf1 Rc8 40. Kb3 f5 41.
Re1 f4 42. Nb1 Rd8 43. Nbd2 Kf6 44. Re2 Ne7 45. gxf4 exf4 46. e5+ Kf5 47. Ne4
Bb8 48. Nc5 Bxe5 49. Nd2 h4 50. Nde4 h3 51. Ng5 Nc6 52. Ngxe6 Rg8 53. Rd2 Rg2
54. Kc2 Kf6 55. Nf8 Ke7 56. Nfd7 Bd6 57. Kd3 Bxc5 58. Nxc5 Ne5+ 0-1

[Event "XXXVII Olimpiadi femminile"]
[Site "Torino ITA"]
[Date "2006.06.03"]
[Round "12.3"]
[White "Bogza, Adina-Maria"]
[Black "Majdan, Joanna"]
[Result "0-1"]
[WhiteElo "2297"]
[BlackElo "2297"]
[Annotator "ROU-POL"]
[PlyCount "124"]
[EventDate "2006.05.21"]

1. d4 d6 2. g3 c5 3. c3 Qa5 4. dxc5 Qxc5 5. Bg2 Nf6 6. Nf3 g6 7. Qa4+ Bd7 8.
Qb3 Nc6 9. Be3 Qa5 10. Ng5 d5 11. O-O h6 12. Nf3 Bg7 13. Na3 O-O 14. c4 dxc4
15. Nxc4 Qa6 16. Nce5 Be6 17. Qd3 Qxd3 18. Nxd3 Nd7 19. Rfd1 Rfd8 20. h4 a5 21.
Rd2 a4 22. Rad1 Bxa2 23. Nc1 Be6 24. Nd4 Bxd4 25. Bxd4 Nde5 26. Bxe5 Rxd2 27.
Rxd2 Nxe5 28. Bxb7 Rb8 29. Ba6 Bc4 30. f4 Bxa6 31. fxe5 Rc8 32. Na2 Rc5 33. Nb4
Bb5 34. Rd5 Rxd5 35. Nxd5 Kf8 36. Kf2 Bc6 37. Nc3 Ke8 38. Ke3 Kd7 39. Kd4 Ke6
40. e4 f6 41. Kc5 Bd7 42. exf6 exf6 43. Kb4 Ke5 44. Nxa4 Bc6 45. Nc3 Kd4 46.
Ka5 g5 47. hxg5 fxg5 48. Kb6 Be8 49. Kc7 h5 50. Kd6 h4 51. gxh4 gxh4 52. e5 h3
53. Ne2+ Ke3 54. Ng3 Kf3 55. Nf1 Bb5 56. Nh2+ Kg3 57. Kc5 Bd3 58. Kd4 Ba6 59.
Ke3 Kxh2 60. Kf2 Bc4 61. b4 Bb5 62. e6 Bc4 0-1

[Event "XXXVII Olimpiadi femminile"]
[Site "Torino ITA"]
[Date "2006.06.03"]
[Round "12.1"]
[White "Dembo, Yelena"]
[Black "Reizniece, Dana"]
[Result "1/2-1/2"]
[WhiteElo "2464"]
[BlackElo "2287"]
[Annotator "GRE-LAT"]
[PlyCount "104"]
[EventDate "2006.05.21"]

1. e4 d6 2. d4 Nf6 3. Nc3 g6 4. f4 Bg7 5. Nf3 O-O 6. Bd3 Na6 7. O-O c5 8. d5
Bg4 9. Bc4 Nc7 10. h3 Bxf3 11. Qxf3 a6 12. a4 Nd7 13. Qd3 Rb8 14. a5 Qc8 15.
Na4 b5 16. axb6 Nxb6 17. Nxb6 Rxb6 18. Ra2 e6 19. f5 exf5 20. exf5 Bd4+ 21. Kh1
Re8 22. c3 Be5 23. Bh6 Qd8 24. f6 Qd7 25. b3 Reb8 26. Raf2 Ne8 27. Bd2 a5 28.
Rf3 Ra8 29. Bg5 a4 30. bxa4 Rxa4 31. Qe2 Ra3 32. Rc1 Qa4 33. Rff1 Rb8 34. h4 h6
35. Bxh6 Nxf6 36. Bf4 Bxf4 37. Rxf4 Nh5 38. Rf3 Ra1 39. Rxa1 Qxa1+ 40. Kh2 Ng7
41. Qe7 Nf5 42. Rxf5 gxf5 43. Qxd6 Rb1 44. Qg3+ Kh7 45. Qe3 Re1 46. Qd2 Rh1+
47. Kg3 Rc1 48. Kh2 Qxc3 49. Qf4 Qxc4 50. Qxf5+ Kg7 51. Qg5+ Kf8 52. Qd8+ Kg7
1/2-1/2

[Event "XXXVII Olimpiadi femminile"]
[Site "Torino ITA"]
[Date "2006.06.03"]
[Round "12.3"]
[White "Fakhiridou, Ekaterini"]
[Black "Safranska, Anda"]
[Result "1-0"]
[WhiteElo "2292"]
[BlackElo "2279"]
[Annotator "GRE-LAT"]
[PlyCount "109"]
[EventDate "2006.05.21"]

1. e4 g6 2. d4 Bg7 3. Nc3 c6 4. Nf3 d6 5. Be3 b5 6. Bd3 Nd7 7. Qd2 Qc7 8. O-O
Ngf6 9. h3 O-O 10. Bh6 e5 11. dxe5 dxe5 12. Bxg7 Kxg7 13. Ne2 Rb8 14. Ng3 Re8
15. Rad1 c5 16. c3 Nf8 17. Bc2 Rb6 18. Qe3 Ne6 19. Rd2 Nf4 20. Rfd1 h6 21. Nh2
Be6 22. Bb1 Qc8 23. Qf3 Nh7 24. Ne2 Qc7 25. Ng4 h5 26. Ne3 Nf6 27. Nxf4 exf4
28. Nd5 Bxd5 29. exd5 Qe5 30. Bd3 c4 31. Re2 Qg5 32. Rxe8 Nxe8 33. Bf1 Rf6 34.
b3 Nd6 35. bxc4 bxc4 36. Rd4 Kh6 37. Bxc4 Nf5 38. Qxf4 Nxd4 39. Qxd4 Kh7 40.
Bf1 Rf4 41. Qe3 Qf6 42. c4 Qd4 43. c5 Re4 44. Qxd4 Rxd4 45. d6 Kg7 46. Ba6 Rd5
47. c6 Rxd6 48. c7 Rxa6 49. c8=Q Rxa2 50. Qc4 Ra1+ 51. Kh2 Kg8 52. Qc8+ Kh7 53.
Qc7 Kg8 54. Qd8+ Kh7 55. Qe7 1-0

[Event "XXXVII Olimpiadi femminile"]
[Site "Torino ITA"]
[Date "2006.06.03"]
[Round "12.1"]
[White "Muzychuk, Anna"]
[Black "Repkova, Eva"]
[Result "1-0"]
[WhiteElo "2418"]
[BlackElo "2346"]
[Annotator "SLO-SVK"]
[PlyCount "147"]
[EventDate "2006.05.21"]

1. e4 d5 2. Nc3 dxe4 3. Nxe4 Qd5 4. Nc3 Qa5 5. Bc4 c6 6. d3 Bf5 7. Nf3 e6 8.
Qe2 Nf6 9. Bd2 Nbd7 10. Nd4 O-O-O 11. a3 Qe5 12. Be3 Bg4 13. f4 Qh5 14. Qf2 e5
15. Nde2 Bxe2 16. Qxe2 exf4 17. Qxh5 Nxh5 18. Bxf7 fxe3 19. Bxh5 Nf6 20. Bf3
Bd6 21. Ke2 Rde8 22. Raf1 Be5 23. Nd1 Kc7 24. c3 c5 25. Nxe3 Bf4 26. Be4 Bxe3
27. Kxe3 c4 28. Kd4 cxd3 29. Bf3 Rd8+ 30. Kc4 Rd6 31. Rf2 Rhd8 32. Rd2 g5 33.
Re1 g4 34. Bd1 h5 35. Re3 a6 36. a4 b6 37. h3 Kc6 38. hxg4 hxg4 39. b4 b5+ 40.
axb5+ axb5+ 41. Kb3 Kb6 42. Kb2 Kc7 43. Bb3 Nd5 44. Re5 Kc6 45. g3 Nf6 46. Re3
Kb6 47. Bf7 Nh7 48. Bh5 Nf6 49. Bg6 Kc7 50. Kb3 Kb6 51. Rdxd3 Nd5 52. Re5 Rxg6
53. Rdxd5 Rxd5 54. Rxd5 Re6 55. Rd4 Rg6 56. Kc2 Kc6 57. Kd3 Rg8 58. Ke3 Kb6 59.
c4 bxc4 60. Rxc4 Kb5 61. Re4 Kc6 62. Rd4 Rf8 63. Rxg4 Kd5 64. Rg5+ Kc4 65. b5
Rf6 66. g4 Rd6 67. Rf5 Rg6 68. Kf4 Kb4 69. g5 Ka5 70. Rf6 Rg8 71. b6 Ka6 72.
Kf5 Kb7 73. g6 Rd8 74. g7 1-0

[Event "XXXVII Olimpiadi femminile"]
[Site "Torino ITA"]
[Date "2006.06.03"]
[Round "12.2"]
[White "Hagarova, Zuzana"]
[Black "Srebrnic, Ana"]
[Result "1/2-1/2"]
[WhiteElo "2377"]
[BlackElo "2302"]
[Annotator "SLO-SVK"]
[PlyCount "87"]
[EventDate "2006.05.21"]

1. e4 e5 2. Bc4 Nf6 3. d3 c6 4. Nf3 Be7 5. O-O Qc7 6. Re1 d6 7. Nc3 b5 8. Bb3
Nbd7 9. a4 b4 10. Ne2 Nc5 11. Bc4 O-O 12. Ng3 Rb8 13. d4 Ne6 14. Nf5 d5 15. Bb3
Nxe4 16. Nxe7+ Qxe7 17. Nxe5 Qc7 18. Be3 Ba6 19. f3 Nd6 20. Bf2 Rbd8 21. c3
bxc3 22. bxc3 Rfe8 23. Qc2 f6 24. Nd3 Bc4 25. Bg3 Qb7 26. Rab1 Bxb3 27. Qxb3
Qa6 28. Nb4 Qc8 29. Bxd6 Rxd6 30. Nd3 Rd7 31. Qb4 Kf7 32. Nc5 Nxc5 33. Qxc5
Rde7 34. Rxe7+ Rxe7 35. h3 Qf5 36. Rf1 Qe6 37. Kh2 Rb7 38. f4 f5 39. Rf3 Re7
40. Rf2 Rb7 41. Rf3 Re7 42. Rf2 Rb7 43. Rf3 Re7 44. Rf2 1/2-1/2